Personnages de dessins animés en images - C - Statistiques

Statistiques générales
  • Ce quiz a été pris 2 042 fois
  • Le résultat moyen est 13 sur 16
Statistiques - réponses
Par images Réponse % Correct
Cendrillon
99%
La Fée Clochette
99%
Capitaine Crochet
96%
Cruella d'Enfer
94%
Le Chat Potté
94%
Casper
93%
Clover
93%
Colère
91%
Calimero
82%
Cédric
82%
Clochard
82%
Coco Rivera
72%
Clifford
58%
Coraline
54%
Le Chapelier Fou
51%
Chase
41%
Aucun quiz correspondant
Distribution des résultats
% des personnes avec chaque résultat
Percentile par nombre de réponses
Votre historique - résultats
Vous n’avez pas pris ce quiz